=LDR 00000nam 2200000 4500 =001 INLIS000000000049582 =005 20170302085714.0 =006 =007 =008 =020 ##$$a :978-602-7686-20-11 =035 ##$$0010-031700000000027 =040 ##$$a NBPDMAT =082 ##$$a 499.227 =090 ##$$a 499.227 3 Jal k =100 ##$$a Djalaludin Arzaki =245 ##$$a Kitab sasak / $c h. Djalaludin Arzaki =260 ##$$a Selong : $b KSU Primaguna, $c 2014 =300 ##$$a 177 hlm ; $c 20 cm =650 ##$$a Bahasa sasak =990 ##$$a 128/46/2017 =990 ##$$a 21603376 =990 ##$$a 21603377 =990 ##$$a 21603378 =990 ##$$a 21603379 =990 ##$$a 128/46/2017 =990 ##$$a 128/46/2017 =990 ##$$a 21603377 =990 ##$$a 21603378 =990 ##$$a 21603379 =990 ##$$a 128/46/2017 =990 ##$$a 128/46/2017 =990 ##$$a 128/46/2017 =990 ##$$a 21603377 =990 ##$$a 21603379 =990 ##$$a 128/46/2017 =990 ##$$a 128/46/2017 =990 ##$$a 128/46/2017 =990 ##$$a 21603377 =990 ##$$a 128/46/2017